<?xml version="1.0" encoding="UTF-8"?>
<collection xmlns="http://www.loc.gov/MARC21/slim">
 <record>
  <leader>04352cam a2200877   4500</leader>
  <controlfield tag="001">870730681</controlfield>
  <controlfield tag="003">DE-627</controlfield>
  <controlfield tag="005">20240219080900.0</controlfield>
  <controlfield tag="007">tu</controlfield>
  <controlfield tag="008">161021s2016    fr ||||| c    00| ||fre c</controlfield>
  <datafield tag="020" ind1=" " ind2=" ">
   <subfield code="a">9782350315560</subfield>
   <subfield code="c"> (Musée du Louvre)</subfield>
   <subfield code="9">978-2-35031-556-0</subfield>
  </datafield>
  <datafield tag="020" ind1=" " ind2=" ">
   <subfield code="a">9782021306149</subfield>
   <subfield code="c"> (Seuil)</subfield>
   <subfield code="9">978-2-02-130614-9</subfield>
  </datafield>
  <datafield tag="024" ind1="3" ind2=" ">
   <subfield code="a">9782021306149</subfield>
  </datafield>
  <datafield tag="035" ind1=" " ind2=" ">
   <subfield code="a">(DE-627)870730681</subfield>
  </datafield>
  <datafield tag="035" ind1=" " ind2=" ">
   <subfield code="a">(DE-576)478358962</subfield>
  </datafield>
  <datafield tag="035" ind1=" " ind2=" ">
   <subfield code="a">(DE-599)BSZ478358962</subfield>
  </datafield>
  <datafield tag="035" ind1=" " ind2=" ">
   <subfield code="a">(OCoLC)965538857</subfield>
  </datafield>
  <datafield tag="035" ind1=" " ind2=" ">
   <subfield code="a">(OCoLC)985596468</subfield>
  </datafield>
  <datafield tag="035" ind1=" " ind2=" ">
   <subfield code="a">(ZDB-21-EIL)3180844</subfield>
  </datafield>
  <datafield tag="040" ind1=" " ind2=" ">
   <subfield code="a">DE-627</subfield>
   <subfield code="b">ger</subfield>
   <subfield code="c">DE-627</subfield>
   <subfield code="e">rda</subfield>
  </datafield>
  <datafield tag="041" ind1=" " ind2=" ">
   <subfield code="a">fre</subfield>
  </datafield>
  <datafield tag="044" ind1=" " ind2=" ">
   <subfield code="c">XA-FR</subfield>
  </datafield>
  <datafield tag="050" ind1=" " ind2="0">
   <subfield code="a">N</subfield>
  </datafield>
  <datafield tag="082" ind1="0" ind2=" ">
   <subfield code="a">704</subfield>
   <subfield code="2">14</subfield>
  </datafield>
  <datafield tag="084" ind1=" " ind2=" ">
   <subfield code="a">KUNST</subfield>
   <subfield code="q">DE-16</subfield>
   <subfield code="2">fid</subfield>
  </datafield>
  <datafield tag="084" ind1=" " ind2=" ">
   <subfield code="a">LH 47000</subfield>
   <subfield code="q">BVB</subfield>
   <subfield code="2">rvk</subfield>
   <subfield code="0">(DE-625)rvk/93643:</subfield>
  </datafield>
  <datafield tag="084" ind1=" " ind2=" ">
   <subfield code="a">20.24</subfield>
   <subfield code="2">bkl</subfield>
  </datafield>
  <datafield tag="245" ind1="1" ind2="0">
   <subfield code="a">Corps en mouvement</subfield>
   <subfield code="b">la danse en musée</subfield>
   <subfield code="c">sous la direction de Jean-Luc Martinez, assisté de Florence Dinet ; textes de Benjamin Millepied, Georges Vigarello, Jean-Luc Martinez</subfield>
  </datafield>
  <datafield tag="246" ind1="3" ind2="0">
   <subfield code="a">Petite Galerie</subfield>
  </datafield>
  <datafield tag="264" ind1=" " ind2="1">
   <subfield code="a">Paris</subfield>
   <subfield code="b">Louvre éditions</subfield>
   <subfield code="c">[2016]</subfield>
  </datafield>
  <datafield tag="264" ind1=" " ind2="1">
   <subfield code="a">Paris</subfield>
   <subfield code="b">Seuil</subfield>
   <subfield code="c">[2016]</subfield>
  </datafield>
  <datafield tag="264" ind1=" " ind2="4">
   <subfield code="c">© 2016</subfield>
  </datafield>
  <datafield tag="300" ind1=" " ind2=" ">
   <subfield code="a">152 Seiten</subfield>
   <subfield code="c">29 cm</subfield>
  </datafield>
  <datafield tag="336" ind1=" " ind2=" ">
   <subfield code="a">Text</subfield>
   <subfield code="b">txt</subfield>
   <subfield code="2">rdacontent</subfield>
  </datafield>
  <datafield tag="336" ind1=" " ind2=" ">
   <subfield code="a">unbewegtes Bild</subfield>
   <subfield code="b">sti</subfield>
   <subfield code="2">rdacontent</subfield>
  </datafield>
  <datafield tag="337" ind1=" " ind2=" ">
   <subfield code="a">ohne Hilfsmittel zu benutzen</subfield>
   <subfield code="b">n</subfield>
   <subfield code="2">rdamedia</subfield>
  </datafield>
  <datafield tag="338" ind1=" " ind2=" ">
   <subfield code="a">Band</subfield>
   <subfield code="b">nc</subfield>
   <subfield code="2">rdacarrier</subfield>
  </datafield>
  <datafield tag="490" ind1="0" ind2=" ">
   <subfield code="a">pet!te galer!e</subfield>
  </datafield>
  <datafield tag="500" ind1=" " ind2=" ">
   <subfield code="a">&quot;Cet ouvrage accompagne la deuxième exposition de la Petite Galerie, &quot;Corps en mouvement, La danse au musée&quot;, présentée à Paris, au musée du Louvre, du 6 octobre 2016 au 3 juillet 2017&quot;. - Impressum</subfield>
  </datafield>
  <datafield tag="583" ind1="1" ind2=" ">
   <subfield code="a">Archivierung/Langzeitarchivierung gewährleistet</subfield>
   <subfield code="f">SLG</subfield>
   <subfield code="z">Tanz</subfield>
   <subfield code="2">pdager</subfield>
   <subfield code="5">DE-24</subfield>
  </datafield>
  <datafield tag="583" ind1="1" ind2=" ">
   <subfield code="a">Archivierung/Langzeitarchivierung gewährleistet</subfield>
   <subfield code="f">FID</subfield>
   <subfield code="2">pdager</subfield>
   <subfield code="5">DE-16</subfield>
  </datafield>
  <datafield tag="655" ind1=" " ind2="7">
   <subfield code="a">Ausstellungskatalog</subfield>
   <subfield code="x">Musée du Louvre</subfield>
   <subfield code="y">06.10.2016-03.07.2017</subfield>
   <subfield code="z">Paris</subfield>
   <subfield code="0">(DE-588)4135467-9</subfield>
   <subfield code="0">(DE-627)10566491X</subfield>
   <subfield code="0">(DE-576)209660988</subfield>
   <subfield code="2">gnd-content</subfield>
  </datafield>
  <datafield tag="655" ind1=" " ind2="7">
   <subfield code="a">Bildband</subfield>
   <subfield code="0">(DE-588)4145395-5</subfield>
   <subfield code="0">(DE-627)104450835</subfield>
   <subfield code="0">(DE-576)209741139</subfield>
   <subfield code="2">gnd-content</subfield>
  </datafield>
  <datafield tag="689" ind1="0" ind2="0">
   <subfield code="d">s</subfield>
   <subfield code="0">(DE-588)4114333-4</subfield>
   <subfield code="0">(DE-627)105822957</subfield>
   <subfield code="0">(DE-576)209483733</subfield>
   <subfield code="a">Kunst</subfield>
   <subfield code="2">gnd</subfield>
  </datafield>
  <datafield tag="689" ind1="0" ind2="1">
   <subfield code="d">s</subfield>
   <subfield code="0">(DE-588)4184440-3</subfield>
   <subfield code="0">(DE-627)104387653</subfield>
   <subfield code="0">(DE-576)210025670</subfield>
   <subfield code="a">Tanz</subfield>
   <subfield code="g">Motiv</subfield>
   <subfield code="2">gnd</subfield>
  </datafield>
  <datafield tag="689" ind1="0" ind2=" ">
   <subfield code="5">DE-101</subfield>
  </datafield>
  <datafield tag="689" ind1="1" ind2="0">
   <subfield code="d">b</subfield>
   <subfield code="0">(DE-588)1006837-5</subfield>
   <subfield code="0">(DE-627)103088997</subfield>
   <subfield code="0">(DE-576)191169234</subfield>
   <subfield code="a">Musée du Louvre</subfield>
   <subfield code="2">gnd</subfield>
  </datafield>
  <datafield tag="689" ind1="1" ind2="1">
   <subfield code="d">s</subfield>
   <subfield code="0">(DE-588)4164424-4</subfield>
   <subfield code="0">(DE-627)105447579</subfield>
   <subfield code="0">(DE-576)20988844X</subfield>
   <subfield code="a">Körper</subfield>
   <subfield code="g">Motiv</subfield>
   <subfield code="2">gnd</subfield>
  </datafield>
  <datafield tag="689" ind1="1" ind2="2">
   <subfield code="d">s</subfield>
   <subfield code="0">(DE-588)4184440-3</subfield>
   <subfield code="0">(DE-627)104387653</subfield>
   <subfield code="0">(DE-576)210025670</subfield>
   <subfield code="a">Tanz</subfield>
   <subfield code="g">Motiv</subfield>
   <subfield code="2">gnd</subfield>
  </datafield>
  <datafield tag="689" ind1="1" ind2="3">
   <subfield code="d">s</subfield>
   <subfield code="0">(DE-588)4228201-9</subfield>
   <subfield code="0">(DE-627)10495812X</subfield>
   <subfield code="0">(DE-576)210328789</subfield>
   <subfield code="a">Bewegung</subfield>
   <subfield code="g">Motiv</subfield>
   <subfield code="2">gnd</subfield>
  </datafield>
  <datafield tag="689" ind1="1" ind2="4">
   <subfield code="d">s</subfield>
   <subfield code="0">(DE-588)4114333-4</subfield>
   <subfield code="0">(DE-627)105822957</subfield>
   <subfield code="0">(DE-576)209483733</subfield>
   <subfield code="a">Kunst</subfield>
   <subfield code="2">gnd</subfield>
  </datafield>
  <datafield tag="689" ind1="1" ind2="5">
   <subfield code="a">z</subfield>
   <subfield code="2">gnd</subfield>
   <subfield code="a">Geschichte</subfield>
  </datafield>
  <datafield tag="689" ind1="1" ind2=" ">
   <subfield code="5">(DE-627)</subfield>
  </datafield>
  <datafield tag="700" ind1="1" ind2=" ">
   <subfield code="a">Martinez, Jean-Luc</subfield>
   <subfield code="d">1964-</subfield>
   <subfield code="e">HerausgeberIn</subfield>
   <subfield code="0">(DE-588)133228932</subfield>
   <subfield code="0">(DE-627)538691581</subfield>
   <subfield code="0">(DE-576)299709884</subfield>
   <subfield code="4">edt</subfield>
  </datafield>
  <datafield tag="700" ind1="1" ind2=" ">
   <subfield code="a">Dinet, Florence</subfield>
   <subfield code="e">HerausgeberIn</subfield>
   <subfield code="4">edt</subfield>
  </datafield>
  <datafield tag="700" ind1="1" ind2=" ">
   <subfield code="a">Millepied, Benjamin</subfield>
   <subfield code="d">1977-</subfield>
   <subfield code="e">MitwirkendeR</subfield>
   <subfield code="0">(DE-588)1013829360</subfield>
   <subfield code="0">(DE-627)705109887</subfield>
   <subfield code="0">(DE-576)347810292</subfield>
   <subfield code="4">ctb</subfield>
  </datafield>
  <datafield tag="700" ind1="1" ind2=" ">
   <subfield code="a">Vigarello, Georges</subfield>
   <subfield code="d">1941-</subfield>
   <subfield code="e">MitwirkendeR</subfield>
   <subfield code="0">(DE-588)11159801X</subfield>
   <subfield code="0">(DE-627)569702518</subfield>
   <subfield code="0">(DE-576)164662855</subfield>
   <subfield code="4">ctb</subfield>
  </datafield>
  <datafield tag="710" ind1="2" ind2=" ">
   <subfield code="a">Musée du Louvre</subfield>
   <subfield code="b">Petite Galerie</subfield>
   <subfield code="e">VeranstalterIn</subfield>
   <subfield code="0">(DE-588)1250880254</subfield>
   <subfield code="0">(DE-627)1788367723</subfield>
   <subfield code="4">orm</subfield>
  </datafield>
  <datafield tag="710" ind1="2" ind2=" ">
   <subfield code="a">Musée du Louvre</subfield>
   <subfield code="e">Gastgebende Institution</subfield>
   <subfield code="0">(DE-588)1006837-5</subfield>
   <subfield code="0">(DE-627)103088997</subfield>
   <subfield code="0">(DE-576)191169234</subfield>
   <subfield code="4">his</subfield>
  </datafield>
  <datafield tag="787" ind1="0" ind2="8">
   <subfield code="i">Rezensiert in</subfield>
   <subfield code="a">Mounier-Vehier, Caroline</subfield>
   <subfield code="t">[Rezension von: Jean-Luc Martinez (Hrsg.), Corps en mouvement. La danse au musée]</subfield>
   <subfield code="d">2017</subfield>
   <subfield code="w">(DE-627)1814794395</subfield>
  </datafield>
  <datafield tag="856" ind1="4" ind2="2">
   <subfield code="u">https://swbplus.bsz-bw.de/bsz478358962inh.htm</subfield>
   <subfield code="m">B:DE-576;DE-16</subfield>
   <subfield code="q">application/pdf</subfield>
   <subfield code="v">20170210143138</subfield>
   <subfield code="x">Verlag</subfield>
   <subfield code="3">Inhaltsverzeichnis</subfield>
  </datafield>
  <datafield tag="889" ind1=" " ind2=" ">
   <subfield code="w">(DE-627)1847280846</subfield>
  </datafield>
  <datafield tag="935" ind1=" " ind2=" ">
   <subfield code="i">Blocktest</subfield>
  </datafield>
  <datafield tag="936" ind1="r" ind2="v">
   <subfield code="a">LH 47000</subfield>
   <subfield code="b">Paris</subfield>
   <subfield code="k">Kunstgeschichte</subfield>
   <subfield code="k">Allgemeines. Allgemeine Kunstgeschichte</subfield>
   <subfield code="k">Ausstellungswesen, Ausstellungskataloge</subfield>
   <subfield code="k">Ausstellungskataloge</subfield>
   <subfield code="k">Orte P</subfield>
   <subfield code="k">Paris</subfield>
   <subfield code="0">(DE-627)1270672339</subfield>
   <subfield code="0">(DE-625)rvk/93643:</subfield>
   <subfield code="0">(DE-576)200672339</subfield>
  </datafield>
  <datafield tag="936" ind1="b" ind2="k">
   <subfield code="a">20.24</subfield>
   <subfield code="j">Gesellschaft</subfield>
   <subfield code="j">Kultur</subfield>
   <subfield code="x">Ikonographie</subfield>
   <subfield code="0">(DE-627)106423622</subfield>
  </datafield>
  <datafield tag="951" ind1=" " ind2=" ">
   <subfield code="a">BO</subfield>
  </datafield>
  <datafield tag="990" ind1=" " ind2=" ">
   <subfield code="a">Kunst</subfield>
  </datafield>
  <datafield tag="990" ind1=" " ind2=" ">
   <subfield code="a">Tanz</subfield>
  </datafield>
  <datafield tag="990" ind1=" " ind2=" ">
   <subfield code="a">Musée du Louvre</subfield>
  </datafield>
  <datafield tag="990" ind1=" " ind2=" ">
   <subfield code="a">Körper</subfield>
  </datafield>
  <datafield tag="990" ind1=" " ind2=" ">
   <subfield code="a">Tanz</subfield>
  </datafield>
  <datafield tag="990" ind1=" " ind2=" ">
   <subfield code="a">Bewegung</subfield>
  </datafield>
  <datafield tag="990" ind1=" " ind2=" ">
   <subfield code="a">Kunst</subfield>
  </datafield>
  <datafield tag="990" ind1=" " ind2=" ">
   <subfield code="a">Geschichte</subfield>
  </datafield>
  <datafield tag="991" ind1=" " ind2=" ">
   <subfield code="a">Rezensiertes Werk</subfield>
  </datafield>
  <datafield tag="999" ind1=" " ind2=" ">
   <subfield code="a">KXP-PPN870730681</subfield>
   <subfield code="e">4182296184</subfield>
  </datafield>
 </record>
</collection>
